[Event "male"]
[Site "?"]
[Date "2016.02.15"]
[Round "5.1"]
[White "Shubin, Kirill"]
[Black "Pershin, Denis"]
[Result "1-0"]
[LiveChessVersion "1.4.2"]
[BlackElo "2375"]
[WhiteElo "2219"]

1. e4 {[%clk 1:30:58]} e5 {[%clk 1:19:00]} 2. Nf3 {[%clk 1:31:24]} Nc6
{[%clk 1:19:26]} 3. Bb5 {[%clk 1:31:51]} a6 {[%clk 1:19:51]} 4. Ba4
{[%clk 1:32:17]} Nge7 {[%clk 1:20:11]} 5. Nc3 {[%clk 1:29:04]} g6
{[%clk 1:17:52]} 6. d4 {[%clk 1:26:38]} exd4 {[%clk 1:16:36]} 7. Nd5
{[%clk 1:25:25]} Nxd5 {[%clk 1:15:50]} 8. exd5 {[%clk 1:25:51]} Qe7+
{[%clk 1:16:16]} 9. Kf1 {[%clk 1:23:08]} Ne5 {[%clk 1:01:32]} 10. Nxe5
{[%clk 1:00:07]} Qxe5 {[%clk 1:01:21]} 11. Qf3 {[%clk 1:00:24]} Be7
{[%clk 0:47:14]} 12. Bh6 {[%clk 0:53:59]} Qf6 {[%clk 0:47:39]} 13. Qe2
{[%clk 0:54:03]} Kd8 {[%clk 0:47:37]} 14. Re1 {[%clk 0:50:42]} Re8
{[%clk 0:48:03]} 15. h4 {[%clk 0:50:13]} b5 {[%clk 0:47:52]} 16. Bg5
{[%clk 0:43:37]} Qd6 {[%clk 0:48:13]} 17. Bb3 {[%clk 0:39:36]} f6
{[%clk 0:41:57]} 18. Bd2 {[%clk 0:39:46]} Bb7 {[%clk 0:39:28]} 19. Qe4
{[%clk 0:38:30]} f5 {[%clk 0:29:35]} 20. Qf3 {[%clk 0:36:55]} Rf8
{[%clk 0:19:37]} 21. Bf4 {[%clk 0:34:25]} Qc5 {[%clk 0:20:06]} 22. Rxe7
{[%clk 0:33:43]} Qxe7 {[%clk 0:20:25]} 23. Bg5 {[%clk 0:34:08]} Rf6
{[%clk 0:20:26]} 24. d6 {[%clk 0:34:07]} Bxf3 {[%clk 0:20:12]} 25. dxe7+
{[%clk 0:34:32]} Kxe7 {[%clk 0:20:38]} 26. gxf3 {[%clk 0:34:51]} h6
{[%clk 0:21:04]} 27. Bxh6 {[%clk 0:33:34]} Rb6 {[%clk 0:20:36]} 28. Bg5+
{[%clk 0:33:47]} Kf8 {[%clk 0:20:06]} 29. h5 {[%clk 0:33:45]} gxh5
{[%clk 0:19:56]} 30. Rxh5 {[%clk 0:34:10]} Kg7 {[%clk 0:20:22]} 31. Be7
{[%clk 0:32:57]} Re8 {[%clk 0:14:44]} 32. Bc5 {[%clk 0:32:17]} Rh6
{[%clk 0:15:08]} 33. Bxd4+ {[%clk 0:32:05]} Kh7 {[%clk 0:15:36]} 34. Rxf5
{[%clk 0:30:26]} Rh1+ {[%clk 0:16:05]} 35. Kg2 {[%clk 0:30:43]} Ree1
{[%clk 0:16:33]} 36. f4 {[%clk 0:30:13]} Kg6 {[%clk 0:15:56]} 37. Rf6+
{[%clk 0:28:35]} Kh7 {[%clk 0:15:56]} 38. f5 {[%clk 0:28:28]} d6 {[%clk 0:15:11]}
39. Rf7+ {[%clk 0:28:22]} Kh6 {[%clk 0:15:23]} 40. Be3+ {[%clk 0:58:44]} Kh5
{[%clk 0:44:59]} 41. Rh7+ {[%clk 0:59:08]} 1-0

[Event "male"]
[Site "?"]
[Date "2016.02.15"]
[Round "5.2"]
[White "Schekachikhin, Maksim"]
[Black "Sichinava, Zviad"]
[Result "1/2-1/2"]
[LiveChessVersion "1.4.2"]
[BlackElo "2313"]
[WhiteElo "2300"]

1. Nf3 {[%clk 1:28:26]} Nf6 {[%clk 1:30:16]} 2. c4 {[%clk 1:28:43]} g6
{[%clk 1:30:34]} 3. Nc3 {[%clk 1:28:50]} c5 {[%clk 1:30:11]} 4. e4
{[%clk 1:23:00]} Bg7 {[%clk 1:26:58]} 5. d4 {[%clk 1:23:19]} cxd4
{[%clk 1:27:15]} 6. Nxd4 {[%clk 1:23:48]} Nc6 {[%clk 1:27:39]} 7. Nc2
{[%clk 1:23:59]} O-O {[%clk 1:26:34]} 8. Be2 {[%clk 1:24:21]} d6 {[%clk 1:26:48]}
9. O-O {[%clk 1:22:00]} Be6 {[%clk 1:25:11]} 10. Be3 {[%clk 1:16:12]} Rc8
{[%clk 1:22:33]} 11. f4 {[%clk 1:01:23]} Na5 {[%clk 1:20:10]} 12. b3
{[%clk 1:00:51]} b5 {[%clk 1:20:34]} 13. Nxb5 {[%clk 0:51:35]} Nxe4
{[%clk 1:20:52]} 14. Bd4 {[%clk 0:51:39]} Nc6 {[%clk 1:06:30]} 15. Bxg7
{[%clk 0:48:05]} Kxg7 {[%clk 1:06:54]} 16. Ncd4 {[%clk 0:44:12]} Qb6
{[%clk 1:04:13]} 17. Kh1 {[%clk 0:44:34]} a6 {[%clk 1:03:39]} 18. Nxc6
{[%clk 0:43:06]} axb5 {[%clk 1:04:05]} 19. Qd4+ {[%clk 0:38:13]} Qxd4
{[%clk 1:04:30]} 20. Nxd4 {[%clk 0:38:39]} bxc4 {[%clk 1:04:53]} 21. Nxe6+
{[%clk 0:39:03]} fxe6 {[%clk 1:05:16]} 22. Bxc4 {[%clk 0:39:22]} d5
{[%clk 0:50:51]} 23. Bd3 {[%clk 0:38:07]} Nc5 {[%clk 0:51:09]} 24. Bb5
{[%clk 0:36:00]} Rb8 {[%clk 0:50:59]} 25. Be2 {[%clk 0:34:55]} g5
{[%clk 0:47:25]} 26. fxg5 {[%clk 0:26:00]} e5 {[%clk 0:45:30]} 27. Kg1
{[%clk 0:23:50]} d4 {[%clk 0:42:34]} 28. Rac1 {[%clk 0:21:35]} Ne4
{[%clk 0:40:50]} 29. Bd3 {[%clk 0:19:17]} Rxf1+ {[%clk 0:37:59]} 30. Rxf1
{[%clk 0:17:48]} Nc5 {[%clk 0:38:23]} 31. Bc4 {[%clk 0:16:05]} Kg6
{[%clk 0:20:56]} 32. h4 {[%clk 0:10:21]} e4 {[%clk 0:19:16]} 33. g4
{[%clk 0:05:40]} e6 {[%clk 0:10:03]} 34. Bxe6 {[%clk 0:02:35]} Nxe6
{[%clk 0:10:16]} 35. Rf6+ {[%clk 0:03:03]} Kg7 {[%clk 0:10:42]} 36. Rxe6
{[%clk 0:03:29]} e3 {[%clk 0:11:10]} 37. Kf1 {[%clk 0:02:22]} Rf8+
{[%clk 0:06:20]} 38. Ke1 {[%clk 0:02:20]} Rf4 {[%clk 0:03:10]} 39. a4
{[%clk 0:01:16]} Rxg4 {[%clk 0:03:30]} 40. a5 {[%clk 0:31:39]} Rxg5 41. hxg5
1/2-1/2

[Event "male"]
[Site "?"]
[Date "2016.02.15"]
[Round "5.3"]
[White "Timerkhanov, Alexander"]
[Black "Askerov, Marat"]
[Result "0-1"]
[LiveChessVersion "1.4.2"]
[BlackElo "2281"]
[WhiteElo "2251"]

1. d4 {[%clk 1:30:59]} Nf6 {[%clk 1:30:54]} 2. Bg5 {[%clk 1:31:25]} e6
{[%clk 1:31:18]} 3. Nd2 {[%clk 1:31:52]} c5 {[%clk 1:31:07]} 4. e3
{[%clk 1:32:17]} b6 {[%clk 1:31:09]} 5. Ne4 {[%clk 1:32:37]} Be7 {[%clk 1:26:53]}
6. Bxf6 {[%clk 1:33:01]} gxf6 {[%clk 1:27:18]} 7. d5 {[%clk 1:33:27]} f5
{[%clk 1:25:58]} 8. Nc3 {[%clk 1:33:53]} Bf6 {[%clk 1:25:03]} 9. Qd2
{[%clk 1:34:09]} Bb7 {[%clk 1:22:44]} 10. Nge2 {[%clk 1:34:19]} Rg8
{[%clk 1:17:26]} 11. Nf4 {[%clk 1:32:43]} Na6 {[%clk 1:15:27]} 12. g3
{[%clk 1:26:21]} e5 {[%clk 0:58:00]} 13. Nfe2 {[%clk 1:26:15]} Bh8
{[%clk 0:55:23]} 14. Bh3 {[%clk 1:17:52]} Qg5 {[%clk 0:52:03]} 15. O-O-O
{[%clk 1:01:04]} Qh5 {[%clk 0:46:33]} 16. Bg2 {[%clk 1:01:04]} d6
{[%clk 0:45:32]} 17. Nb5 {[%clk 0:58:40]} Kd7 {[%clk 0:45:04]} 18. h3
{[%clk 0:51:40]} Nc7 {[%clk 0:43:57]} 19. g4 {[%clk 0:51:15]} Qg6
{[%clk 0:38:55]} 20. Nxc7 {[%clk 0:50:27]} Kxc7 {[%clk 0:39:23]} 21. Ng3
{[%clk 0:50:26]} Bc8 {[%clk 0:37:57]} 22. Qd3 {[%clk 0:43:01]} e4
{[%clk 0:33:33]} 23. Qc4 {[%clk 0:41:13]} fxg4 {[%clk 0:32:17]} 24. hxg4
{[%clk 0:37:01]} Qf6 {[%clk 0:26:55]} 25. Nxe4 {[%clk 0:36:19]} Qxb2+
{[%clk 0:27:19]} 26. Kd2 {[%clk 0:36:48]} b5 {[%clk 0:24:07]} 27. Qb3
{[%clk 0:35:38]} Qxb3 {[%clk 0:24:28]} 28. axb3 {[%clk 0:36:07]} Bxg4
{[%clk 0:24:51]} 29. Rdg1 {[%clk 0:36:08]} Bf5 {[%clk 0:24:57]} 30. Ng3
{[%clk 0:36:32]} Bg6 {[%clk 0:24:48]} 31. f4 {[%clk 0:36:22]} Bxc2
{[%clk 0:23:05]} 32. Kxc2 {[%clk 0:32:40]} Rxg3 {[%clk 0:23:28]} 33. Bf1
{[%clk 0:32:44]} Rxe3 {[%clk 0:19:26]} 34. Bxb5 {[%clk 0:32:50]} Rc3+
{[%clk 0:18:44]} 35. Kd2 {[%clk 0:33:19]} Rxb3 {[%clk 0:18:23]} 36. Bc6
{[%clk 0:33:40]} Rf8 {[%clk 0:18:21]} 37. Rxh7 {[%clk 0:33:45]} c4
{[%clk 0:15:47]} 38. Rc1 {[%clk 0:31:25]} c3+ {[%clk 0:14:05]} 39. Kd3
{[%clk 0:31:51]} Kb6 {[%clk 0:13:43]} 40. Re1 {[%clk 0:58:58]} Rb2
{[%clk 0:37:51]} 41. Kc4 {[%clk 0:56:03]} a5 {[%clk 0:35:44]} 42. Re7
{[%clk 0:51:15]} Rb4+ {[%clk 0:35:50]} 43. Kd3 {[%clk 0:51:41]} Rd4+
{[%clk 0:35:39]} 44. Kc2 {[%clk 0:51:53]} Rd2+ {[%clk 0:35:37]} 45. Kc1
{[%clk 0:35:22]} Rg8 {[%clk 0:34:51]} 46. Re1 {[%clk 0:35:37]} Ra2
{[%clk 0:34:44]} 47. Kb1 {[%clk 0:35:50]} Rgg2 {[%clk 0:34:49]} 0-1

[Event "male"]
[Site "?"]
[Date "2016.02.15"]
[Round "5.4"]
[White "Palchun, Grigory"]
[Black "Goldobin, Mikhail"]
[Result "1-0"]
[LiveChessVersion "1.4.2"]
[BlackElo "2172"]
[WhiteElo "2332"]

1. e4 {[%clk 1:06:52]} e6 {[%clk 1:30:53]} 2. d4 {[%clk 1:06:55]} d5
{[%clk 1:31:19]} 3. e5 {[%clk 1:07:21]} c5 {[%clk 1:31:40]} 4. c3
{[%clk 1:07:49]} Qb6 {[%clk 1:32:02]} 5. Nf3 {[%clk 1:08:13]} Nc6
{[%clk 1:32:27]} 6. a3 {[%clk 1:08:37]} Nh6 {[%clk 1:32:30]} 7. b4
{[%clk 1:08:53]} cxd4 {[%clk 1:32:53]} 8. cxd4 {[%clk 1:09:14]} Nf5
{[%clk 1:33:17]} 9. Bb2 {[%clk 1:09:41]} Bd7 {[%clk 1:33:21]} 10. g4
{[%clk 1:09:56]} Nfe7 {[%clk 1:33:47]} 11. Nc3 {[%clk 1:10:11]} Na5
{[%clk 1:32:25]} 12. Nd2 {[%clk 0:59:08]} Rc8 {[%clk 1:32:34]} 13. Na4
{[%clk 0:59:03]} Bxa4 {[%clk 1:30:24]} 14. Qxa4+ {[%clk 0:59:25]} Nac6
{[%clk 1:29:14]} 15. Nb3 {[%clk 0:54:39]} a6 {[%clk 1:10:44]} 16. Rc1
{[%clk 0:52:06]} Ng6 {[%clk 0:51:47]} 17. Na5 {[%clk 0:50:06]} Be7
{[%clk 0:45:00]} 18. Nxb7 {[%clk 0:35:53]} Qxb7 {[%clk 0:44:12]} 19. Bxa6
{[%clk 0:36:15]} Qa8 {[%clk 0:44:25]} 20. b5 {[%clk 0:36:38]} O-O
{[%clk 0:22:27]} 21. Rxc6 {[%clk 0:34:39]} Rxc6 {[%clk 0:21:13]} 22. bxc6
{[%clk 0:35:05]} f6 {[%clk 0:17:06]} 23. c7 {[%clk 0:30:17]} fxe5
{[%clk 0:07:14]} 24. Qb5 {[%clk 0:30:29]} Nf4 {[%clk 0:06:00]} 25. Bb7
{[%clk 0:24:24]} Nd3+ {[%clk 0:04:52]} 26. Ke2 1-0

[Event "male"]
[Site "?"]
[Date "2016.02.15"]
[Round "5.5"]
[White "Saveliev, Alexei"]
[Black "Tarasov, Ilya"]
[Result "1/2-1/2"]
[LiveChessVersion "1.4.2"]
[BlackElo "2209"]
[WhiteElo "2328"]

1. e4 {[%clk 1:30:44]} d6 {[%clk 1:22:23]} 2. d4 {[%clk 1:31:08]} Nf6
{[%clk 1:22:50]} 3. Nc3 {[%clk 1:31:34]} g6 {[%clk 1:23:15]} 4. f4
{[%clk 1:32:01]} Bg7 {[%clk 1:23:41]} 5. Nf3 {[%clk 1:32:28]} O-O
{[%clk 1:24:04]} 6. Bd3 {[%clk 1:32:55]} Na6 {[%clk 1:24:28]} 7. O-O
{[%clk 1:33:20]} c5 {[%clk 1:24:55]} 8. d5 {[%clk 1:33:47]} Rb8 {[%clk 1:25:21]}
9. f5 {[%clk 1:33:46]} Nc7 {[%clk 1:20:38]} 10. fxg6 {[%clk 1:23:57]} fxg6
{[%clk 1:19:09]} 11. a4 {[%clk 1:24:25]} Bg4 {[%clk 1:15:45]} 12. Be2
{[%clk 1:14:07]} Nd7 {[%clk 1:03:06]} 13. Ng5 {[%clk 1:08:05]} Bd4+
{[%clk 0:56:53]} 14. Kh1 {[%clk 1:08:30]} Rxf1+ {[%clk 0:57:09]} 15. Qxf1
{[%clk 1:08:52]} Qf8 {[%clk 0:57:33]} 16. Qd1 {[%clk 0:47:15]} Ne5
{[%clk 0:55:35]} 17. Bd2 {[%clk 0:46:21]} Bd7 {[%clk 0:53:14]} 18. h3
{[%clk 0:41:42]} Qf6 {[%clk 0:46:28]} 19. Nf3 {[%clk 0:40:06]} Nxf3
{[%clk 0:45:27]} 20. Bxf3 {[%clk 0:40:31]} Rf8 {[%clk 0:45:27]} 21. Bg4
{[%clk 0:30:09]} Bxg4 {[%clk 0:42:11]} 22. Qxg4 {[%clk 0:30:35]} Be5
{[%clk 0:40:49]} 23. Qe2 {[%clk 0:28:32]} a6 {[%clk 0:32:45]} 24. Rg1
{[%clk 0:21:06]} Qf2 {[%clk 0:30:26]} 25. Be1 {[%clk 0:13:49]} Qxe2
{[%clk 0:29:31]} 26. Nxe2 {[%clk 0:14:18]} Bxb2 {[%clk 0:29:46]} 27. Ba5
{[%clk 0:13:25]} Rf2 {[%clk 0:29:06]} 28. Re1 {[%clk 0:10:28]} Ne8
{[%clk 0:24:43]} 29. Kg1 {[%clk 0:10:48]} Rf7 {[%clk 0:24:51]} 30. Rb1
{[%clk 0:09:00]} Bg7 {[%clk 0:18:48]} 31. Rxb7 {[%clk 0:09:26]} Bh6
{[%clk 0:19:12]} 32. Be1 {[%clk 0:02:15]} Be3+ {[%clk 0:16:39]} 33. Kh2
{[%clk 0:02:45]} Rf1 {[%clk 0:14:39]} 34. Bg3 {[%clk 0:03:05]} Kf8
{[%clk 0:14:39]} 35. Ra7 {[%clk 0:01:33]} Nf6 {[%clk 0:14:33]} 36. e5
{[%clk 0:01:00]} dxe5 {[%clk 0:14:25]} 37. Rxa6 {[%clk 0:00:53]} Nxd5
{[%clk 0:12:14]} 38. Re6 {[%clk 0:00:34]} Nf4 {[%clk 0:07:19]} 39. Rxe5
{[%clk 0:00:44]} Nxe2 {[%clk 0:07:33]} 40. Rxe3 {[%clk 0:31:11]} Nxg3
{[%clk 0:37:45]} 41. Kxg3 {[%clk 0:31:11]} Ra1 {[%clk 0:38:06]} 42. Re4
{[%clk 0:28:46]} Ra2 {[%clk 0:38:16]} 43. Rc4 {[%clk 0:28:48]} Kf7
{[%clk 0:38:41]} 44. Kf4 {[%clk 0:27:39]} Kf6 {[%clk 0:39:03]} 45. h4
{[%clk 0:22:07]} h6 {[%clk 0:38:55]} 46. g4 {[%clk 0:20:41]} Ra1 {[%clk 0:36:57]}
47. Ke4 {[%clk 0:17:45]} Ke6 {[%clk 0:36:57]} 48. Rxc5 {[%clk 0:16:19]} Rxa4+
{[%clk 0:37:20]} 49. c4 {[%clk 0:16:47]} Kd6 {[%clk 0:33:08]} 50. Rd5+
{[%clk 0:17:09]} Kc6 {[%clk 0:33:21]} 51. Kd4 {[%clk 0:17:30]} Ra1
{[%clk 0:30:42]} 52. h5 {[%clk 0:12:09]} Rd1+ {[%clk 0:27:42]} 53. Ke4
{[%clk 0:11:37]} Re1+ {[%clk 0:27:27]} 54. Kf3 {[%clk 0:09:41]} gxh5
{[%clk 0:26:32]} 55. Rxh5 {[%clk 0:09:59]} Rc1 {[%clk 0:26:27]} 56. Rxh6+
{[%clk 0:10:06]} Kd7 {[%clk 0:26:54]} 57. Kf4 {[%clk 0:05:25]} Rxc4+
{[%clk 0:26:35]} 58. Kf5 {[%clk 0:05:42]} Rc5+ {[%clk 0:25:37]} 59. Kg6
{[%clk 0:05:39]} Rc6+ {[%clk 0:25:08]} 60. Kh7 {[%clk 0:05:46]} Rxh6+
{[%clk 0:25:26]} 61. Kxh6 {[%clk 0:05:52]} e5 {[%clk 0:25:50]} 62. g5
{[%clk 0:05:07]} 1/2-1/2

[Event "male"]
[Site "?"]
[Date "2016.02.15"]
[Round "5.6"]
[White "Borisovsky, Dmitry"]
[Black "Khakimov, Timur"]
[Result "1-0"]
[LiveChessVersion "1.4.2"]
[BlackElo "2294"]
[WhiteElo "2197"]

1. e4 {[%clk 1:30:57]} e5 {[%clk 1:30:45]} 2. Nf3 {[%clk 1:31:21]} Nc6
{[%clk 1:31:10]} 3. d4 {[%clk 1:31:44]} exd4 {[%clk 1:31:36]} 4. Nxd4
{[%clk 1:32:11]} Bb4+ {[%clk 1:31:55]} 5. c3 {[%clk 1:32:34]} Bc5
{[%clk 1:32:21]} 6. Be3 {[%clk 1:32:59]} Bb6 {[%clk 1:32:47]} 7. Qg4
{[%clk 1:33:12]} Qf6 {[%clk 1:23:54]} 8. Qg3 {[%clk 1:32:56]} Qg6
{[%clk 1:11:01]} 9. Nd2 {[%clk 1:30:48]} Qxg3 {[%clk 1:10:48]} 10. hxg3
{[%clk 1:31:02]} Nf6 {[%clk 1:11:00]} 11. Nc2 {[%clk 1:16:24]} Bxe3
{[%clk 1:04:59]} 12. Nxe3 {[%clk 1:16:45]} d6 {[%clk 1:01:33]} 13. f3
{[%clk 1:12:37]} Be6 {[%clk 0:45:42]} 14. g4 {[%clk 1:09:43]} g5 {[%clk 0:44:13]}
15. Bb5 {[%clk 1:05:10]} O-O-O {[%clk 0:43:30]} 16. Rh6 {[%clk 1:02:41]} Ng8
{[%clk 0:40:49]} 17. Rh5 {[%clk 1:02:22]} h6 {[%clk 0:40:41]} 18. Bxc6
{[%clk 0:56:11]} bxc6 {[%clk 0:41:04]} 19. Kf2 {[%clk 0:53:29]} Nf6
{[%clk 0:41:23]} 20. Rh2 {[%clk 0:53:40]} h5 {[%clk 0:40:31]} 21. gxh5
{[%clk 0:46:36]} Rxh5 {[%clk 0:40:41]} 22. Rxh5 {[%clk 0:46:59]} Nxh5
{[%clk 0:41:05]} 23. g3 {[%clk 0:47:24]} Nf6 {[%clk 0:40:40]} 24. Rh1
{[%clk 0:40:01]} d5 {[%clk 0:36:52]} 25. e5 {[%clk 0:23:34]} Nd7 {[%clk 0:36:53]}
26. f4 {[%clk 0:23:50]} gxf4 {[%clk 0:36:20]} 27. gxf4 {[%clk 0:24:16]} Nc5
{[%clk 0:34:49]} 28. f5 {[%clk 0:21:14]} Bd7 {[%clk 0:34:18]} 29. Ke2
{[%clk 0:19:51]} Re8 {[%clk 0:33:20]} 30. Nf3 {[%clk 0:19:35]} Ne4
{[%clk 0:33:19]} 31. Rh7 {[%clk 0:19:17]} Ng3+ {[%clk 0:32:17]} 32. Kf2
{[%clk 0:15:58]} Nxf5 {[%clk 0:31:27]} 33. Rxf7 {[%clk 0:12:43]} Nxe3
{[%clk 0:25:09]} 34. Kxe3 {[%clk 0:13:09]} c5 {[%clk 0:25:16]} 35. Kf4
{[%clk 0:10:25]} Be6 {[%clk 0:24:32]} 36. Rf6 {[%clk 0:10:43]} Kd7
{[%clk 0:24:30]} 37. Ng5 {[%clk 0:10:22]} a5 {[%clk 0:07:23]} 38. b3
{[%clk 0:09:58]} c6 {[%clk 0:07:04]} 39. Nh7 {[%clk 0:04:54]} Ke7
{[%clk 0:06:37]} 40. Ng5 {[%clk 0:35:19]} Kd7 {[%clk 0:33:18]} 41. a4
{[%clk 0:29:17]} Bg8 {[%clk 0:20:35]} 42. Kf5 {[%clk 0:28:28]} d4
{[%clk 0:20:37]} 43. c4 {[%clk 0:21:54]} Kc7 {[%clk 0:20:21]} 44. Ke4
{[%clk 0:14:27]} Rb8 {[%clk 0:17:33]} 45. Rg6 {[%clk 0:13:13]} Rd8
{[%clk 0:13:56]} 46. Rg7+ {[%clk 0:08:36]} Kb8 {[%clk 0:05:28]} 47. Kd3
{[%clk 0:08:13]} Rf8 {[%clk 0:05:29]} 48. e6 {[%clk 0:06:52]} Re8
{[%clk 0:05:48]} 49. e7 {[%clk 0:07:03]} Kc7 {[%clk 0:05:59]} 50. Ne4
{[%clk 0:06:50]} 1-0

[Event "male"]
[Site "?"]
[Date "2016.02.15"]
[Round "5.7"]
[White "Artamonov, Valery"]
[Black "Reshetnikov, Ruslan"]
[Result "1-0"]
[LiveChessVersion "1.4.2"]
[BlackElo "2187"]
[WhiteElo "2292"]

1. c4 {[%clk 1:24:31]} Nf6 {[%clk 1:30:52]} 2. Nc3 {[%clk 1:24:57]} g6
{[%clk 1:31:17]} 3. e4 {[%clk 1:25:24]} d6 {[%clk 1:31:42]} 4. g3
{[%clk 1:25:51]} Bg7 {[%clk 1:32:03]} 5. Bg2 {[%clk 1:26:20]} O-O
{[%clk 1:32:21]} 6. Nge2 {[%clk 1:26:49]} Nc6 {[%clk 1:29:40]} 7. O-O
{[%clk 1:27:12]} e5 {[%clk 1:27:38]} 8. d3 {[%clk 1:27:37]} Be6 {[%clk 1:24:42]}
9. f4 {[%clk 1:27:40]} Qd7 {[%clk 1:23:55]} 10. Nd5 {[%clk 1:27:42]} Ne8
{[%clk 1:23:55]} 11. Rb1 {[%clk 1:25:32]} Bg4 {[%clk 1:17:42]} 12. Ne3
{[%clk 1:25:27]} Bh3 {[%clk 1:17:55]} 13. f5 {[%clk 1:25:52]} Bxg2
{[%clk 1:18:13]} 14. Kxg2 {[%clk 1:26:20]} f6 {[%clk 1:16:48]} 15. h4
{[%clk 1:24:23]} Bh6 {[%clk 1:16:03]} 16. g4 {[%clk 1:17:46]} Bxe3
{[%clk 1:14:54]} 17. Bxe3 {[%clk 1:18:14]} Ng7 {[%clk 1:08:43]} 18. Ng3
{[%clk 1:14:37]} Ne7 {[%clk 1:06:08]} 19. Bh6 {[%clk 1:12:27]} Rf7
{[%clk 1:05:08]} 20. Qb3 {[%clk 1:05:17]} c5 {[%clk 1:03:29]} 21. Rf2
{[%clk 1:04:00]} gxf5 {[%clk 1:00:19]} 22. gxf5 {[%clk 1:04:03]} Kh8
{[%clk 1:00:15]} 23. Rg1 {[%clk 1:04:24]} Rg8 {[%clk 0:58:58]} 24. Kh2
{[%clk 1:04:21]} Ne8 {[%clk 0:54:45]} 25. Rfg2 {[%clk 1:04:38]} Rg4
{[%clk 0:53:43]} 26. Kh3 {[%clk 1:04:20]} Rg8 {[%clk 0:54:06]} 27. Qc2
{[%clk 1:03:18]} Rg6 {[%clk 0:54:24]} 28. Be3 {[%clk 0:55:44]} Rfg7
{[%clk 0:52:54]} 29. Qe2 {[%clk 0:56:05]} Rg8 {[%clk 0:46:50]} 30. h5
{[%clk 0:55:51]} R6g7 {[%clk 0:46:02]} 31. Bh6 {[%clk 0:56:13]} Rg4
{[%clk 0:44:12]} 32. Qxg4 {[%clk 0:53:19]} Rxg4 {[%clk 0:44:35]} 33. Kxg4
{[%clk 0:53:46]} Ng8 {[%clk 0:39:35]} 34. Bd2 {[%clk 0:53:11]} Qf7
{[%clk 0:39:30]} 35. Kh4 {[%clk 0:52:03]} Ne7 {[%clk 0:39:36]} 36. h6
{[%clk 0:51:54]} Nc6 {[%clk 0:38:39]} 37. Bc3 {[%clk 0:49:07]} Qf8
{[%clk 0:36:33]} 38. Nh5 {[%clk 0:49:30]} Nd8 {[%clk 0:36:08]} 39. Rg7
{[%clk 0:49:21]} Nf7 {[%clk 0:35:33]} 40. Bd2 {[%clk 1:19:43]} 1-0

[Event "male"]
[Site "?"]
[Date "2016.02.15"]
[Round "5.8"]
[White "Bekhovskiy, Mikhail"]
[Black "Abramov, Nikita"]
[Result "0-1"]
[LiveChessVersion "1.4.2"]
[BlackElo "2238"]
[WhiteElo "2216"]

1. e4 {[%clk 1:30:58]} e5 {[%clk 1:30:58]} 2. Nf3 {[%clk 1:31:21]} Nc6
{[%clk 1:31:25]} 3. d4 {[%clk 1:31:43]} exd4 {[%clk 1:31:50]} 4. Nxd4
{[%clk 1:32:10]} Bb4+ {[%clk 1:32:13]} 5. c3 {[%clk 1:32:36]} Bc5
{[%clk 1:32:40]} 6. Nxc6 {[%clk 1:33:00]} bxc6 {[%clk 1:33:06]} 7. Bd3
{[%clk 1:33:09]} d6 {[%clk 1:33:17]} 8. O-O {[%clk 1:32:55]} Nf6 {[%clk 1:33:30]}
9. Nd2 {[%clk 1:28:17]} h6 {[%clk 1:25:14]} 10. Nc4 {[%clk 1:12:19]} O-O
{[%clk 1:16:20]} 11. b4 {[%clk 1:09:42]} Bb6 {[%clk 1:15:30]} 12. Nxb6
{[%clk 1:05:06]} axb6 {[%clk 1:15:52]} 13. Bb2 {[%clk 1:04:21]} Re8
{[%clk 1:12:49]} 14. Qc2 {[%clk 1:02:37]} Ng4 {[%clk 1:05:39]} 15. c4
{[%clk 0:48:11]} Qh4 {[%clk 1:02:05]} 16. h3 {[%clk 0:48:34]} Nf6
{[%clk 1:01:04]} 17. Rfe1 {[%clk 0:47:25]} Nh5 {[%clk 0:57:34]} 18. Bf1
{[%clk 0:44:33]} Qg5 {[%clk 0:55:51]} 19. g3 {[%clk 0:39:01]} f5 {[%clk 0:45:55]}
20. Bg2 {[%clk 0:30:38]} f4 {[%clk 0:44:13]} 21. g4 {[%clk 0:30:58]} f3
{[%clk 0:38:37]} 22. Bxf3 {[%clk 0:30:27]} Nf4 {[%clk 0:38:47]} 23. Bg2
{[%clk 0:30:25]} h5 {[%clk 0:36:34]} 24. f3 {[%clk 0:27:17]} c5 {[%clk 0:33:43]}
25. Qc3 {[%clk 0:19:05]} cxb4 {[%clk 0:27:36]} 26. Qe3 {[%clk 0:19:12]} Be6
{[%clk 0:20:40]} 27. Bf1 {[%clk 0:15:42]} Rf8 {[%clk 0:19:43]} 28. Qd4
{[%clk 0:14:24]} hxg4 {[%clk 0:17:00]} 29. fxg4 {[%clk 0:12:40]} Bxg4
{[%clk 0:16:13]} 30. Qxg7+ {[%clk 0:11:59]} Qxg7 {[%clk 0:16:39]} 31. Bxg7
{[%clk 0:12:24]} Kxg7 {[%clk 0:17:00]} 32. hxg4 {[%clk 0:12:47]} Ra3
{[%clk 0:16:57]} 33. Reb1 {[%clk 0:11:34]} Rg3+ {[%clk 0:16:01]} 34. Kf2
{[%clk 0:11:58]} Rxg4 {[%clk 0:16:17]} 35. Ke3 {[%clk 0:10:18]} Rg3+
{[%clk 0:15:40]} 36. Kd2 {[%clk 0:10:41]} Rh8 {[%clk 0:15:48]} 37. Re1
{[%clk 0:08:21]} Rh2+ {[%clk 0:15:26]} 38. Kd1 {[%clk 0:08:16]} Rg1
{[%clk 0:14:43]} 39. Rb1 {[%clk 0:07:33]} Rxa2 {[%clk 0:15:00]} 40. Rxb4
{[%clk 0:37:30]} Ra1+ {[%clk 0:45:17]} 41. Kd2 {[%clk 0:37:45]} Rxe1
{[%clk 0:45:41]} 0-1